00553nam a22001697a 450000500170000001000150001702000260003203500140005803700130007208200110008510000270009624500820012326000440020527000950024930000210034450500180036520221206104641.0 aENG-135466 a9789391490294c680.00 aEN-118998 bDBAD/PUB a306.42 aChakrabarti, Swarup K. aConvergence of science and society:bpandemic 2020/cby Swarup K. Chakrabarti aNew DelhibKW Publishes pvt. ltd.c2021 a4676/21, first floor, ansari road, daryaganjbNew Delhie110002k011-43528107mkw@kwpub.in a198p.c23cm(pbk) aPandemic 2020